Ernst Jünger : la resistencia al presente /
محفوظ في:
| المؤلف الرئيسي: | |
|---|---|
| التنسيق: | كتاب |
| اللغة: | الإسبانية |
| منشور في: |
México : Aguascalientes, México :
Matadero ; Universidad Autónoma de Aguascalientes,
2023, c2023
|
| الموضوعات: | |
| الوسوم: |
لا توجد وسوم, كن أول من يضع وسما على هذه التسجيلة!
|
MARC
| LEADER | 00000nam^a2200000^a^4500 | ||
|---|---|---|---|
| 001 | 000579195 | ||
| 005 | 20250521000000.0 | ||
| 009 | 20260310132524.205 | ||
| 020 | |a 978-607-99050-9-5 | ||
| 020 | |a 978-607-8909-43-8 | ||
| 037 | |a Acervo ITESO - Biblioteca | ||
| 041 | |a ESP | ||
| 082 | |a 830. 94308 |b GAL | ||
| 100 | |a Gallardo Cabrera, Salvador |e (autor) | ||
| 245 | 1 | 0 | |a Ernst Jünger : |b la resistencia al presente / |c S. Gallardo Cabrera. |
| 264 | 4 | |a México : |b Matadero ; |a Aguascalientes, México : |b Universidad Autónoma de Aguascalientes, |c 2023, c2023 | |
| 300 | |a 127 p. | ||
| 336 | |a texto |b txt |2 rdacontenido | ||
| 337 | |a sin mediación |b n |2 rdamedio | ||
| 338 | |a volumen |b nc |2 rdasoporte | ||
| 521 | |a FIL 2023 DIA | ||
| 545 | 0 | |a Ernst Jünger (Heidelberg, 1895 – Riedlingen, 1998), autor alemán. Combatió con el ejército de su país en el frente occidental de la Primera Guerra Mundial (1914-18), por lo que recibió las condecoraciones Cruz de Hierro (1917) y Pour le Mérite (1918). Recuperó esa experiencia en Tempestades de acero (ed. propia de 1920 y última versión, después de varias revisiones, de 1978), su primer libro, al unísono alabado como testimonio imprescindible del conflicto mundial y criticado como panfleto belicista. Participó en el Movimiento Revolucionario Conservador desarrollado en la Alemania de entreguerras y aunque se abstuvo de criticar públicamente al gobierno de Adolf Hitler, tomó clara distancia del mismo en la novela alegórica Sobre los acantilados de mármol (1939). Sirvió en un puesto administrativo en la ocupación alemana de Francia (1940-1944), etapa de la que surgió el ciclo Radiaciones: diarios de la Segunda Guerra Mundial (1949, también traducidos como Diario de Guerra y de ocupación). Pasados los setenta: diarios (1980-1997) cerraron la vertiente autobiográfica del longevo autor, quien en su faceta como narrador sobresale con Heliópolis: visión retrospectiva de una ciudad (1949), Visita a Godenholm (1952), Abejas de cristal (1957), El tirachinas (1973) y Eumeswil (1977). Fue un pensador con variados intereses intelectuales y un prolífico ensayista, como ejemplifican El trabajador: dominio y figura (1932), La paz (1945) –su último escrito de índole estrictamente política-, Acerca del nihilismo (1951), El libro del reloj de arena (1954), Acercamientos: drogas y ebriedad (1970), –Jünger compartió experiencias con Albert Hofmann, creador del LSD- y El autor y la escritura (1984). Recibió, entre otros galardones, los premios Mondial Cino del Duca (1981) y Goethe (1982). | |
| 649 | |a XX | ||
| 650 | |a Escritores Alemanes | ||
| 650 | |a Ensayos Mexicanos | ||
| 650 | |a Literatura e Historia - |z Alemania - |x Historia y Crítica | ||
| 650 | |a Literatura e Historia - |x Historia y Crítica - |x Tema Principal | ||
| 650 | |a Filosofía y Literatura - |z Alemania - |x Historia y Crítica | ||
| 650 | |a Filosofía y Literatura - |x Historia y Crítica | ||
| 650 | |a Literatura Alemana - |y Siglo XX | ||
| 650 | |a Literatura Mexicana - |y Siglo XXI | ||
| 650 | |a Jünger, Ernst - |x Tema Principal | ||
| 910 | |a Fondo General | ||
| 920 | |a Impresos - Libros | ||
| 930 | |a Colección General | ||
| 940 | |a Literatura | ||
| 905 | |a 101 | ||
| 901 | |a 0500403745 |b IT1 |c LIT |i C184537 |u 20250521 | ||
| 902 | |a https://opac.biblio.iteso.mx/vufind/Record/000579195 | ||